00567nam a2200193 a 4500001001300000003000900013005001700022008004100039020001000080082001600090100002300106245006400129260005000193300000800243500003500251505002700286650003700313700002300350nice12345678IN_TiNIC20260116011253.0050524s1907 cama grp 000 0 eng  ac10000a220.49bLEW aLewis, Agnes Smith aForty One Facsimiles of Dated Christian Arabic Manuscripts. aCambridge bCambridge University Press c1907 a82p aincludes index and biblioraphy2 aEssai De Bibliographie aBible Versions-Arabic Manuscript1 aLewis, Agnes Smith